| 000 | 01278nam a2200217Ia 4500 | ||
|---|---|---|---|
| 003 | OSt | ||
| 005 | 20251211155708.0 | ||
| 008 | 210707s1983 xx 000 0 und d | ||
| 040 | _cAL | ||
| 041 | _aKannada | ||
| 082 | _aK894.3 JAYS | ||
| 100 |
_aJAYATIRTHA RAJAPUROHITA _dಜಯತೀರ್ಥ ರಾಜಪುರೋಹಿತ _9248875 |
||
| 245 |
_aSuligaali _bಸುಳಿಗಾಳಿ |
||
| 260 |
_aBengaluru _bVishvakannade Sammelana _c1983 |
||
| 300 | _aiv,173 p | ||
| 365 |
_b2 _cINR |
||
| 520 | _aಸುಳಿಗಾಳಿ (Suligaali) ಎಂಬುದು ಪ್ರಖ್ಯಾತ ಕನ್ನಡ ಸಾಹಿತಿ, ಆಡಳಿತಗಾರ ಜಯತೀರ್ಥ ರಾಜಪುರೋಹಿತ ಅವರು ಬರೆದ ಪ್ರಾದೇಶಿಕ ಕಾದಂಬರಿ; ಇದು ಹೈದರಾಬಾದ್-ಕರ್ನಾಟಕದ ನಿಜಾಮಶಾಹಿ ಆಡಳಿತದ ಕಾಲದ ಸಾಮಾಜಿಕ-ರಾಜಕೀಯ ಪರಿಸ್ಥಿತಿಯನ್ನು ಚಿತ್ರಿಸುತ್ತದೆ ಮತ್ತು ಅವರಿಗೆ ಸಾಹಿತ್ಯ ಅಕಾಡಮಿ ಪ್ರಶಸ್ತಿಯನ್ನು ತಂದುಕೊಟ್ಟ ಕೃತಿಯಾಗಿದೆ | ||
| 563 | _aPB | ||
| 650 |
_aKannada Fiction _9248876 |
||
| 942 |
_2ddc _cBK |
||
| 999 |
_c180143 _d180143 |
||